000 00819cab a2200229 4500
001 ABS41849
008 090401t1989 xxu||||| |||| 00| 0 eng d
035 _a(Sirsi) u32925
041 _aeng
100 _aLavers, A.P.
245 4 _aThe residential property manager`s legal responsibility for ascertaining the suitability of prospective tenants
260 _c1989
350 _a0
490 _aProperty Management
_v7(4) Autumn 1989, 363-367(5)
520 _aWith reference to case law, this paper considers the extent to which managers of residential property are legally obliged to ascertain the suitability of prospective tenants . References.
650 _aESTATE AGENTS
650 _aMANAGEMENT
650 _aMANAGING AGENTS
690 _aBlock management
_96220
942 _n0
948 _c04/03/1997
999 _c21998
_d21998